000 00544nam a2200169Ia 4500
008 090201s9999 xx 000 0 und d
010 _aKPL-44461
040 _bमराठी
041 _aमराठी
082 _a31497
_b44461
100 _aवि. ल. धारुरकर
245 _aमाध्यम समीक्षा
_cवि. ल. धारुरकर
260 _c2004
_bपरिमल प्रकाशन
300 _a68
_bमोठा
600 _aमाध्यम समीक्षा
942 _cBOOK
999 _c229949
_d229949